LEADER 01374nam--2200409---450- 001 990001880980203316 005 20040728090514.0 010 $a3-540-20099-1 035 $a000188098 035 $aUSA01000188098 035 $a(ALEPH)000188098USA01 035 $a000188098 100 $a20040728d2003----km-y0itay0103----ba 101 0 $aeng 102 $aDE 105 $aa|||||||001yy 200 1 $aMultiscale problems and methods in numerical simulations$electures given at the C.I.M.E. summer school held in Martina Franca, Italy, September 9-15, 2001$fJ.H. Bramble, A. Cohen, W. Dahmen$geditor C. Canuto 210 $aBerlin [etc.]$cSpringer$dcopyr. 2003 215 $aXIII, 161 p.$cill.$d24 cm. 225 2 $aLecture notes in mathematics$v1825 410 0$12001$aLecture notes in mathematics$v1825 454 1$12001 461 1$1001-------$12001 610 0 $aMeccanica statistica 676 $a530.13 700 1$aBRAMBLE,$bJames H.$060323 701 1$aCOHEN,$bAlbert$0120460 701 1$aDAHMEN,$bWolfgang$0466165 702 1$aCANUTO,$bClaudio 801 0$aIT$bsalbc$gISBD 912 $a990001880980203316 951 $a510 LNM 1825$b0030500/CBS$c510$d00114308 959 $aBK 969 $aSCI 979 $aRIVELLI$b90$c20040728$lUSA01$h0905 996 $aMultiscale problems and methods in numerical simulations$9955324 997 $aUNISA LEADER 01229nam--2200373---450 001 990006142710203316 005 20200722065414.0 010 $a978-88-6434-099-9 035 $a000614271 035 $aUSA01000614271 035 $a(ALEPH)000614271USA01 035 $a000614271 100 $a20160426d2015----km-y0itay50------ba 101 $aita 102 $aIT 105 $a||||||||001yy 200 1 $aArma nostra sunt libri$emanoscritti e incunaboli miniati dalla biblioteca di San Domenico di Napoli$fAndrea Improta$gpresentazione di Alessandra Perriccioli Saggese 210 $aFirenze$cNerbini$d2015 215 $a326 p.$cill.$d24 cm 225 2 $aBiblioteche di memorie domenicane 410 0$12001$aBiblioteche di memorie domenicane 454 1$12001 461 1$1001-------$12001 606 0 $aManoscritti miniati$xCollezione [della] Biblioteca di San Domenico Maggiore $2BNCF 676 $a096 700 1$aIMPROTA,$bAndrea$0715958 702 1$aPERRICCIOLI SAGGESE,$bAlessandra 801 0$aIT$bsalbc$gISBD 912 $a990006142710203316 951 $aI.2.B. 1083$b252291 L.M.$cI.2.B.$d387914 959 $aBK 969 $aUMA 996 $aArma nostra sunt libri$91386236 997 $aUNISA